Los tiburones /
Guardado en:
| Autor Corporativo: | |
|---|---|
| Formato: | |
| Materias: | |
| Etiquetas: |
Agregar Etiqueta
Sin Etiquetas, Sea el primero en etiquetar este registro!
|
| LEADER | 00935ngm a22002295g 4500 | ||
|---|---|---|---|
| 001 | CEM.cems021830 | ||
| 008 | 130507b1993##################0###0#####d | ||
| 005 | 20240916172122.0 | ||
| 245 | 1 | 0 | |a Los tiburones / |c National Geographic. |
| 300 | |a 57 | ||
| 500 | |a En soporte VHS, consultar en ventanilla. | ||
| 505 | 0 | |a Descripción y clasificación de los tiburones. Hábitos. Capacidades sensoriales. Instinto de conservación. El prejuicio de agresividad: observaciones científicas de sus conductas. Productos alimenticios extraídos del tiburón. | |
| 538 | |a Soporte: VHS - Norma: Pal N - Color - Grabación DRD 1993 - Hitachi=4264 | ||
| 110 | 2 | |a National Geographic. | |
| 082 | 5 | 9 | |. 5/NAT-3 |
| 653 | |a NIVEL PRIMARIO | ||
| 653 | |a NIVEL SECUNDARIO | ||
| 653 | |a ZOOLOGIA | ||
| 653 | |a TIBURONES | ||
| 653 | |a COMPORTAMIENTO ANIMAL | ||
| 653 | |a ANIMALES | ||
| 859 | |a CEMS |b BIB. CEMS - Depto. Recursos Didacticos |h 591.5 |i NAT-3 |k DRD |p 473.12 |t Ej.1 | ||
